| 000 -LEADER |
| fixed length control field |
03977cam a22003974a 4500 |
| 001 - CONTROL NUMBER |
| control field |
15339462 |
| 003 - CONTROL NUMBER IDENTIFIER |
| control field |
Nust |
| 005 - DATE AND TIME OF LATEST TRANSACTION |
| control field |
20170316171741.0 |
| 008 - FIXED-LENGTH DATA ELEMENTS--GENERAL INFORMATION |
| fixed length control field |
080623s2008 dcuab b 100 0 eng c |
| 010 ## - LIBRARY OF CONGRESS CONTROL NUMBER |
| LC control number |
2008274445 |
| 020 ## - INTERNATIONAL STANDARD BOOK NUMBER |
| International Standard Book Number |
0309108977 (pbk.) |
| 020 ## - INTERNATIONAL STANDARD BOOK NUMBER |
| International Standard Book Number |
9780309108973 (pbk.) |
| 035 ## - SYSTEM CONTROL NUMBER |
| System control number |
(OCoLC)ocn221141691 |
| 040 ## - CATALOGING SOURCE |
| Transcribing agency |
ASAB |
| 042 ## - AUTHENTICATION CODE |
| Authentication code |
pcc |
| 050 00 - LIBRARY OF CONGRESS CALL NUMBER |
| Classification number |
RA643 |
| Item number |
.V43 2008 |
| 082 00 - DEWEY DECIMAL CLASSIFICATION NUMBER |
| Classification number |
362.196/9 |
| Edition number |
22 |
| 245 00 - TITLE STATEMENT |
| Title |
Vector-borne diseases : |
| Remainder of title |
Epidemiology and control |
| Statement of responsibility, etc. |
editor : Dr. B.K. Tyagi |
| 260 ## - PUBLICATION, DISTRIBUTION, ETC. |
| Place of publication, distribution, etc. |
Washington, D.C. : |
| Name of publisher, distributor, etc. |
National Academies Press, |
| Date of publication, distribution, etc. |
c2008. |
| 300 ## - PHYSICAL DESCRIPTION |
| Extent |
xxii, 298 p. : |
| Other physical details |
ill. (some col.), maps (some col.) ; |
| Dimensions |
23 cm. |
| 504 ## - BIBLIOGRAPHY, ETC. NOTE |
| Bibliography, etc. note |
Includes bibliographical references. |
| 505 0# - FORMATTED CONTENTS NOTE |
| Formatted contents note |
Summary and assessment -- Vector-borne disease emergence and resurgence. Overview -- The global threat of emergent/reemergent vector-borne diseases / Duane J. Gubler -- Why we do not understand the ecological connections between the environment and human health: the case for vector-borne disease / Durland Fish -- Ecology of emerging vector-borne plant diseases / Rodrigo P.P. Almeida -- Ecology of dsiease: the intersection of human and animal health / Kenneth J. Linthicum ... [et al.] -- Climate change and health: global to local influences on disease risk / Jonathan A. Patz and Sarah H. Olson -- Climate change and vector-borne disease: update on climate effects on Lyme disease and West Nile Virus in North America / Jonathan A. Patz and Christopher K. Uejio -- Vector-borne disease detection and control. Overview -- Longitudinal field studies will guide a paradigm shift in dengue prevention / Thomas W. Scott and Amy C. Morrison -- Innovative decision support and vector control approaches to control denge / Lars Eisen and Barry J. Beaty -- West Nile virus / Lyle R. Petersen -- |
| 505 0# - FORMATTED CONTENTS NOTE |
| Formatted contents note |
Rift Valley fever is an emerging arthropod-borne virus / C.J. Peters -- The implications of entomological monitoring and evaluation for arthropod vector-borne disease control programs / Michael Coleman and Janet Hemingway -- Vector-borne zoonotic diseases and their ecological and economic implications: bluetongue disease in Europe / Bennie I. Osburn -- Environmental factors influence transmission of sin nombre hantavirus between rodents (and to humans?) / Charles H. Calisher ... [et al.] -- Integrating strategies to address vector-borne disease. Overview -- Needs and opportunities to control vector-borne diseases: responses to the IOM microbial threats to health committee recommendations / Barry J. Beaty and Lars Eisen -- Integration of strategies: surveillance, diagnosis, and response / Roger S. Nasci -- Surveillance, diagnosis, and response: integration of strategies / Sherrilyn Wainwright -- Confronting vector-borne diseases in an age of ecologic change / David M. Morens -- The vector biology program at the National Institute of Allergy and Infectious Diseases / Adriana Costero -- Appendixes. |
| 530 ## - ADDITIONAL PHYSICAL FORM AVAILABLE NOTE |
| Additional physical form available note |
Also available via the World Wide Web. |
| 650 #0 - SUBJECT ADDED ENTRY--TOPICAL TERM |
| Topical term or geographic name entry element |
Communicable diseases |
| General subdivision |
Prevention |
| Form subdivision |
Congresses |
| 650 #0 - SUBJECT ADDED ENTRY--TOPICAL TERM |
| Topical term or geographic name entry element |
Epidemics |
| Form subdivision |
Congresses |
| 650 #0 - SUBJECT ADDED ENTRY--TOPICAL TERM |
| Topical term or geographic name entry element |
Animals as carriers of disease |
| Form subdivision |
Congresses |
| 650 #2 - SUBJECT ADDED ENTRY--TOPICAL TERM |
| Topical term or geographic name entry element |
Communicable Disease Control |
| Form subdivision |
Congresses. |
| 650 #2 - SUBJECT ADDED ENTRY--TOPICAL TERM |
| Topical term or geographic name entry element |
Disease Outbreaks |
| Form subdivision |
Congresses. |
| 650 #2 - SUBJECT ADDED ENTRY--TOPICAL TERM |
| Topical term or geographic name entry element |
Disease Vectors |
| Form subdivision |
Congresses. |
| 700 1# - ADDED ENTRY--PERSONAL NAME |
| Personal name |
Lemon, Stanley M. |
| 710 2# - ADDED ENTRY--CORPORATE NAME |
| Corporate name or jurisdiction name as entry element |
Institute of Medicine (U.S.). |
| Subordinate unit |
Forum on Microbial Threats. |
| 856 41 - ELECTRONIC LOCATION AND ACCESS |
| Materials specified |
Table of contents |
| Uniform Resource Identifier |
<a href="http://www.loc.gov/catdir/toc/fy0804/2008274445.html">http://www.loc.gov/catdir/toc/fy0804/2008274445.html</a> |
| 906 ## - LOCAL DATA ELEMENT F, LDF (RLIN) |
| a |
7 |
| b |
cbc |
| c |
pccadap |
| d |
2 |
| e |
epcn |
| f |
20 |
| g |
y-gencatlg |
| 942 ## - ADDED ENTRY ELEMENTS (KOHA) |
| Source of classification or shelving scheme |
|
| Koha item type |
Book |